000 00712cab a2200241 4500
001 X25
008 090401t1991 xxu||||| |||| 00| 0 eng d
035 _a(Sirsi) u44597
041 _aeng
245 _aTewkesbury BC and Bovis Homes and Arlington Securities Ltd and P&O Development Ltd
260 _c1991
350 _a0
490 _aPlanning Appeal Decisions
_v(1991) 6 PAD 492
520 _aInquiry 21-23 August and 13 September 1990. Decision letter 3 June 1991.
650 _aBUSINESS PARK
650 _aGRAMPIAN CONDITION
650 _aHOTEL
650 _aOUTLINE PLANNING PERMISSION
650 _aPLANNING APPEAL
690 _aPLANNING LAW AND PRACTICE
942 _n0
948 _c04/03/1997
999 _c28340
_d28340